| 000 | 00559nam a2200205 a 4500 | ||
|---|---|---|---|
| 005 | 20210219152821.0 | ||
| 008 | 991125n 000 0 spa u | ||
| 035 | _aUPN01000062334 | ||
| 100 | 1 | _aMENDOZA VILLALBA, Luis Antonio | |
| 222 | _aEDUCACION Y CULTURA | ||
| 245 | _aA propósito de los 500 años Mártir de Anglería, Colón y Vespucio | ||
| 260 | _aCOLOMBIA | ||
| 300 | _a38-40 | ||
| 362 | 0 | _a1992 No. 28, nov. | |
| 653 | 0 | _aAMERICA | |
| 653 | 0 | _aCOLOMBIA | |
| 653 | 0 | _aDESCUBRIMIENTO DE AMERICA | |
| 653 | 0 | _aHISTORIA | |
| 905 | _aArticulo | ||
| 999 |
_c61660 _d61660 |
||